[Event "GER CupT Baden final"]
[Site "Baden"]
[Date "2014.07.20"]
[Round "5.2"]
[White "Kappe, Benedikt"]
[Black "Scherer, Ralf"]
[Result "1/2-1/2"]
[WhiteElo "1999"]
[BlackElo "2186"]
[PlyCount "120"]
[EventDate "2014.05.04"]
[EventType "team-k.o."]
[EventRounds "5"]
[EventCountry "GER"]
[SourceTitle "EXT 2015"]
[Source "ChessBase"]
[SourceDate "2014.11.20"]
[SourceVersion "1"]
[SourceVersionDate "2014.11.20"]
[SourceQuality "1"]
[WhiteTeam "Walldorf"]
[BlackTeam "Ladenburg"]
[WhiteTeamCountry "GER"]
[BlackTeamCountry "GER"]

1. e4 d6 2. Bc4 Nf6 3. d3 g6 4. Ne2 Bg7 5. Nbc3 0-0 6. 0-0 c6 7. Bb3 Na6 8. Kh1 Nc5 9. Be3 Nxb3 10. axb3 c5 11. h3 b6 12. f4 d5 13. e5 d4 14. exf6 Bxf6 15. Bd2 dxc3 16. Bxc3 Bxc3 17. Nxc3 Bb7 18. f5 Qd7 19. Qg4 Kh8 20. Ne4 gxf5 21. Qxf5 Qxf5 22. Rxf5 f6 23. Kh2 Kg7 24. g4 a5 25. Re1 Rae8 26. Ng3 Bc8 27. Rf2 Bd7 28. Nf5+ Kf7 29. Rfe2 Bxf5 30. gxf5 Rg8 31. Re6 Rg5 32. Rxb6 Rxf5 33. Re2 Rf1 34. Rb5 Rc8 35. Rb7 Re8 36. Ra7 Ra1 37. Rc7 Rb1 38. c3 Rd1 39. Rxc5 Rxd3 40. Rxa5 e5 41. b4 Re7 42. Ra6 e4 43. b5 Re5 44. c4 f5 45. Ra3 Rc5 46. Rc2 Ke6 47. Rac3 f4 48. b4 Rxc3 49. Rxc3 Rg5 50. c5 Kd7 51. c6+ Kc8 52. Rc5 Rxc5 53. bxc5 h5 54. h4 e3 55. Kg2 e2 56. Kf2 f3 57. b6 Kb8 58. c7+ Kc8 59. Ke1 Kb7 60. c6+ Kc8 1/2-1/2

[Event "Verbandsliga Nord Baden 1314"]
[Site "Germany"]
[Date "2014.04.13"]
[Round "9.6"]
[White "Kappe, Benedikt"]
[Black "Lieder, Christian"]
[Result "0-1"]
[WhiteElo "1999"]
[BlackElo "2079"]
[PlyCount "104"]
[EventDate "2013.10.20"]
[EventType "team-tourn"]
[EventRounds "9"]
[EventCountry "GER"]
[SourceTitle "EXT 2015"]
[Source "ChessBase"]
[SourceDate "2014.11.20"]
[SourceVersion "1"]
[SourceVersionDate "2014.11.20"]
[SourceQuality "1"]
[WhiteTeam "Walldorf"]
[BlackTeam "Weinheim"]
[WhiteTeamCountry "GER"]
[BlackTeamCountry "GER"]

1. e4 e6 2. d4 d5 3. Nd2 Nf6 4. e5 Nfd7 5. Bd3 c5 6. c3 Nc6 7. Ngf3 g6 8. 0-0 Bg7 9. Re1 0-0 10. Nf1 cxd4 11. cxd4 Qb6 12. Bb1 f6 13. exf6 Nxf6 14. Re2 Nh5 15. Be3 Rxf3 16. gxf3 Nxd4 17. Rd2 e5 18. Ng3 Bh3 19. Nxh5 gxh5 20. Kh1 Qf6 21. Bxd4 exd4 22. Bd3 Qf4 23. Rc2 Kh8 24. Be2 Be5 25. Qg1 Rg8 26. Qg3 Rxg3 27. hxg3 Qf5 28. Rd2 h4 29. f4 Bf6 30. Kh2 Bg4 31. f3 hxg3+ 32. Kxg3 Bh5 33. Bd3 Bh4+ 34. Kxh4 Qxf4+ 35. Kxh5 Qxf3+ 36. Kg5 Qe3+ 37. Kf6 Qxd2 38. Bf5 Qh6+ 39. Ke5 Qg5 40. Rd1 Qe3+ 41. Kf6 Kg8 42. Rd3 Qf4 43. Rb3 b6 44. Ra3 a5 45. Rb3 Kf8 46. Rb5 Qh6+ 47. Ke5 Qe3+ 48. Kxd5 d3 49. Rb3 Qc5+ 50. Ke4 d2 51. Bg4 Qc4+ 52. Kf5 Qxg4+ 0-1

[Event "Verbandsliga Nord Baden 1314"]
[Site "Germany"]
[Date "2013.12.08"]
[Round "3.6"]
[White "Wolf, Christoph"]
[Black "Kappe, Benedikt"]
[Result "0-1"]
[WhiteElo "1935"]
[BlackElo "1999"]
[PlyCount "64"]
[EventDate "2013.10.20"]
[EventType "team-tourn"]
[EventRounds "9"]
[EventCountry "GER"]
[SourceTitle "EXT 2015"]
[Source "ChessBase"]
[SourceDate "2014.11.20"]
[SourceVersion "1"]
[SourceVersionDate "2014.11.20"]
[SourceQuality "1"]
[WhiteTeam "Lindenhof"]
[BlackTeam "Walldorf"]
[WhiteTeamCountry "GER"]
[BlackTeamCountry "GER"]

1. e4 c6 2. d4 d5 3. exd5 cxd5 4. Bd3 Nc6 5. c3 Nf6 6. Bf4 Qb6 7. Qb3 Qxb3 8. axb3 Nh5 9. Be3 g6 10. Nf3 Bg7 11. Nbd2 0-0 12. b4 f5 13. Nb3 f4 14. Bd2 Bf5 15. Nc5 b6 16. Bxf5 Rxf5 17. Ne6 Bh6 18. b5 Na5 19. b4 Nb7 20. Ne5 Nf6 21. g4 fxg3 22. Bxh6 gxf2+ 23. Kf1 Ne4 24. Nc7 Rd8 25. Rxa7 g5 26. Ra2 Rd6 27. Ng4 Rf4 28. Bxg5 Rxg4 29. Be3 Nxc3 30. Ra8+ Kf7 31. Kxf2 Rf6+ 32. Ke1 Rg2 0-1

[Event "Verbandsliga Nord Baden 1314"]
[Site "Germany"]
[Date "2013.10.20"]
[Round "1.6"]
[White "Frey, Alisa"]
[Black "Kappe, Benedikt"]
[Result "1/2-1/2"]
[WhiteElo "2106"]
[BlackElo "1999"]
[PlyCount "60"]
[EventDate "2013.10.20"]
[EventType "team-tourn"]
[EventRounds "9"]
[EventCountry "GER"]
[SourceTitle "EXT 2015"]
[Source "ChessBase"]
[SourceDate "2014.11.20"]
[SourceVersion "1"]
[SourceVersionDate "2014.11.20"]
[SourceQuality "1"]
[WhiteTeam "Eppingen II"]
[BlackTeam "Walldorf"]
[WhiteTeamCountry "GER"]
[BlackTeamCountry "GER"]

1. e4 c6 2. d4 d5 3. e5 Bf5 4. Nf3 e6 5. Be2 Nd7 6. Be3 c5 7. 0-0 Ne7 8. Nbd2 Nc6 9. c4 Nb4 10. Qa4 Nc2 11. Rac1 Nxe3 12. fxe3 dxc4 13. Nxc4 a6 14. dxc5 Bxc5 15. Nd6+ Bxd6 16. exd6 Qb6 17. Kh1 Qxb2 18. Nd4 Be4 19. Nxe6 Bxg2+ 20. Kxg2 Qxe2+ 21. Rf2 Qxe3 22. Nc7+ Kd8 23. Rxf7 Qd2+ 24. Kg3 Qg5+ 25. Kh3 Qe3+ 26. Kg2 Qd2+ 27. Rf2 Qg5+ 28. Kh3 Qe3+ 29. Kg2 Qg5+ 30. Kh3 Qe3+ 1/2-1/2

[Event "Verbandsliga Nord Baden 1213"]
[Site "Baden"]
[Date "2013.03.03"]
[Round "7.4"]
[White "Kolb, Hans Martin"]
[Black "Kappe, Benedikt"]
[Result "1/2-1/2"]
[WhiteElo "2218"]
[BlackElo "1999"]
[PlyCount "102"]
[EventDate "2012.10.21"]
[EventType "team-tourn"]
[EventRounds "9"]
[EventCountry "GER"]
[SourceTitle "EXT 2014"]
[Source "ChessBase"]
[SourceDate "2013.11.20"]
[SourceVersion "1"]
[SourceVersionDate "2013.11.20"]
[SourceQuality "1"]
[WhiteTeam "Lindenhof"]
[BlackTeam "Walldorf"]
[WhiteTeamCountry "GER"]
[BlackTeamCountry "GER"]

1. d4 Nf6 2. Bg5 e6 3. e3 Be7 4. Bxf6 Bxf6 5. c3 b6 6. Nd2 c5 7. Ngf3 0-0 8. Bd3 Ba6 9. Bxa6 Nxa6 10. Qa4 Nc7 11. dxc5 bxc5 12. e4 d5 13. 0-0 Qe8 14. Qc2 Rb8 15. e5 Be7 16. b3 a5 17. Rfe1 Qc6 18. h4 f5 19. exf6 gxf6 20. Re3 Kh8 21. Rae1 Rg8 22. g3 Rg6 23. Nf1 Rbg8 24. Qe2 e5 25. h5 Rh6 26. Nh4 Qd7 27. f4 e4 28. f5 Rg5 29. g4 Rhxh5 30. Ng2 Rh6 31. c4 Bd6 32. cxd5 Be5 33. Rxe4 Qxd5 34. Nf4 Bd4+ 35. Kg2 Qc6 36. Qf3 Rh4 37. Re8+ Qxe8 38. Rxe8+ Nxe8 39. Nh2 Be5 40. Qg3 Rhxg4 41. Nxg4 h5 42. Nxe5 Rxg3+ 43. Kxg3 fxe5 44. Nxh5 Nd6 45. Kg4 Ne4 46. f6 Nd6 47. Kg5 Kg8 48. Kg6 e4 49. f7+ Nxf7 50. Nf6+ Kf8 51. Nxe4 c4 1/2-1/2

[Event "Verbandsliga Nord Baden 1213"]
[Site "Baden"]
[Date "2013.02.17"]
[Round "6.5"]
[White "Zimmermann, Paul"]
[Black "Kappe, Benedikt"]
[Result "1/2-1/2"]
[WhiteElo "2186"]
[BlackElo "1999"]
[PlyCount "147"]
[EventDate "2012.10.21"]
[EventType "team-tourn"]
[EventRounds "9"]
[EventCountry "GER"]
[SourceTitle "EXT 2014"]
[Source "ChessBase"]
[SourceDate "2013.11.20"]
[SourceVersion "1"]
[SourceVersionDate "2013.11.20"]
[SourceQuality "1"]
[WhiteTeam "Karlsruhe II"]
[BlackTeam "Walldorf"]
[WhiteTeamCountry "GER"]
[BlackTeamCountry "GER"]

1. d4 Nf6 2. Nf3 c5 3. e3 e6 4. c4 cxd4 5. exd4 d5 6. Nc3 Be7 7. Bd3 dxc4 8. Bxc4 0-0 9. 0-0 Nc6 10. Re1 a6 11. Bg5 b5 12. Bb3 Bb7 13. Rc1 Na5 14. Bc2 Bxf3 15. Qxf3 Qxd4 16. Rcd1 Qc5 17. Bxf6 Bxf6 18. Qd3 Qh5 19. Ne4 Be5 20. h3 Bxb2 21. Re3 Nc6 22. Ng3 Qh6 23. Qe2 Bf6 24. Be4 Nd4 25. Qg4 Rad8 26. Red3 e5 27. Kh2 Qg5 28. Nh5 Qxg4 29. hxg4 Ne6 30. Rd6 Nd4 31. Nxf6+ gxf6 32. Rxa6 Kg7 33. Rb1 Rd7 34. a4 bxa4 35. Rxa4 Rh8 36. Ra3 h5 37. gxh5 Rxh5+ 38. Rh3 Rxh3+ 39. Kxh3 f5 40. Rb7 Rd6 41. Bb1 e4 42. Rb2 Kf6 43. g4 fxg4+ 44. Kxg4 Ke5 45. f4+ exf3 46. Ra2 Nb3 47. Kg3 Rd8 48. Kf2 Rd2+ 49. Kxf3 Rd1 50. Bh7 Rh1 51. Bg8 f5 52. Re2+ Kf6 53. Bxb3 Rh3+ 54. Kf4 Rxb3 55. Ra2 Rb4+ 56. Kf3 Rb1 57. Kf4 Rf1+ 58. Kg3 Kg5 59. Kg2 Rb1 60. Kf3 Rb3+ 61. Kf2 Kg4 62. Rc2 f4 63. Ra2 Rh3 64. Ra8 Rh2+ 65. Kg1 Re2 66. Kf1 Kf3 67. Rh8 Rf2+ 68. Kg1 Re2 69. Kf1 Rf2+ 70. Kg1 Rb2 71. Rh3+ Kg4 72. Ra3 Re2 73. Kf1 Re5 74. Kf2 1/2-1/2

[Event "GER-ch Net qual2 U25"]
[Site "Playchess.com INT"]
[Date "2012.09.05"]
[Round "6"]
[White "Schneider, Christian"]
[Black "Kappe, Benedikt"]
[Result "1-0"]
[WhiteElo "2211"]
[BlackElo "1999"]
[PlyCount "105"]
[EventDate "2012.09.05"]
[EventType "swiss (blitz)"]
[EventRounds "7"]
[EventCountry "GER"]
[SourceTitle "CBM 150 Extra"]
[Source "ChessBase"]
[SourceDate "2012.10.19"]
[SourceVersion "1"]
[SourceVersionDate "2012.10.19"]
[SourceQuality "1"]

1. Nc3 Nf6 2. e4 d6 3. Bc4 g6 4. d3 Bg7 5. f4 0-0 6. Nf3 Nbd7 7. 0-0 e5 8. h3 c6 9. Bb3 Nh5 10. fxe5 Nxe5 11. Be3 Nxf3+ 12. Qxf3 Be6 13. g4 Nf6 14. Kg2 Nd7 15. Qg3 Qe7 16. Rae1 Kh8 17. Bf4 Be5 18. d4 Bxf4 19. Qxf4 Bxb3 20. axb3 Rae8 21. Re2 Kg7 22. Rfe1 Qf6 23. Qxf6+ Nxf6 24. Nd1 Re6 25. Nf2 Rfe8 26. Kf3 Nd7 27. Nd3 f6 28. c3 d5 29. exd5 Rxe2 30. Rxe2 Rxe2 31. Kxe2 cxd5 32. Nf4 Nb6 33. Ne6+ Kh6 34. Nc5 Kg5 35. Kf3 a5 36. Nxb7 a4 37. bxa4 Nxa4 38. b4 Nxc3 39. Nd6 Kh4 40. b5 Na4 41. Nc8 Kxh3 42. b6 Nxb6 43. Nxb6 h5 44. gxh5 gxh5 45. Nxd5 f5 46. Ne7 Kh4 47. d5 Kg5 48. d6 Kf6 49. Kf4 Ke6 50. Nxf5 h4 51. Kg4 h3 52. Kxh3 Kxf5 53. d7 1-0

[Event "Verbandsliga Nord Baden 1112"]
[Site "Germany"]
[Date "2011.12.11"]
[Round "4.7"]
[White "Rehl, Danny"]
[Black "Kappe, Benedikt"]
[Result "0-1"]
[WhiteElo "2197"]
[BlackElo "1999"]
[PlyCount "64"]
[EventDate "2011.10.09"]
[EventType "team-tourn"]
[EventRounds "9"]
[EventCountry "GER"]
[SourceTitle "EXT 2013"]
[Source "ChessBase"]
[SourceDate "2012.11.22"]
[SourceVersion "1"]
[SourceVersionDate "2012.11.22"]
[SourceQuality "1"]
[WhiteTeam "Leimen"]
[BlackTeam "Walldorf"]
[WhiteTeamCountry "GER"]
[BlackTeamCountry "GER"]

1. Nf3 d5 2. c4 e6 3. e3 Nf6 4. Be2 Be7 5. 0-0 0-0 6. b3 dxc4 7. Bxc4 c6 8. d4 b5 9. Bd3 Bb7 10. Bb2 c5 11. Qe2 cxd4 12. Nxd4 Qd5 13. f3 Rd8 14. Rd1 Qg5 15. Nd2 Bc5 16. a4 b4 17. Rac1 Nbd7 18. Nc4 e5 19. h4 Qxh4 20. Nf5 Qg5 21. Ncd6 Bd5 22. Bc4 Bxc4 23. Rxc4 g6 24. Nb7 Qxf5 25. Nxc5 Nxc5 26. Rxc5 Rxd1+ 27. Qxd1 Re8 28. f4 Qg4 29. Qd3 Qg3 30. Qe2 Ng4 31. Bxe5 Qh2+ 32. Kf1 Qh1# 0-1

[Event "Verbandsliga Nord Baden 1112"]
[Site "Germany"]
[Date "2011.11.27"]
[Round "3.8"]
[White "Werk, Manfred"]
[Black "Kappe, Benedikt"]
[Result "0-1"]
[WhiteElo "2073"]
[BlackElo "1999"]
[PlyCount "92"]
[EventDate "2011.10.09"]
[EventType "team-tourn"]
[EventRounds "9"]
[EventCountry "GER"]
[SourceTitle "EXT 2013"]
[Source "ChessBase"]
[SourceDate "2012.11.22"]
[SourceVersion "1"]
[SourceVersionDate "2012.11.22"]
[SourceQuality "1"]
[WhiteTeam "Hockenheim II"]
[BlackTeam "Walldorf"]
[WhiteTeamCountry "GER"]
[BlackTeamCountry "GER"]

1. e4 c6 2. d4 d5 3. Nc3 dxe4 4. Nxe4 Bf5 5. Ng3 Bg6 6. Nf3 Nd7 7. h4 h6 8. h5 Bh7 9. Bd3 Bxd3 10. Qxd3 e6 11. Bd2 Qc7 12. 0-0-0 0-0-0 13. Rh4 Ngf6 14. c4 c5 15. Qa3 a6 16. Ba5 b6 17. Be1 Kb7 18. Qc3 Bd6 19. Kb1 Bxg3 20. fxg3 cxd4 21. Rhxd4 Nc5 22. b4 Nce4 23. Qe3 Rxd4 24. Rxd4 Nxg3 25. Ne5 Nf5 26. Qf3+ Kb8 27. Nc6+ Kc8 28. Na7+ Qxa7 29. Qc6+ Kb8 30. g4 Qb7 31. Qxb7+ Kxb7 32. gxf5 exf5 33. Rf4 g6 34. hxg6 fxg6 35. Bc3 Rf8 36. Rd4 Ne4 37. Be1 Kc7 38. Kc2 Rd8 39. Kd3 Rxd4+ 40. Kxd4 Kd6 41. a4 h5 42. a5 bxa5 43. bxa5 Kc6 44. Ke5 Kc5 45. Ke6 Kxc4 46. Kf7 f4 0-1

[Event "Verbandsliga Nord Baden 1112"]
[Site "Germany"]
[Date "2011.10.09"]
[Round "1.8"]
[White "Drakulic, Aleksandar"]
[Black "Kappe, Benedikt"]
[Result "1-0"]
[WhiteElo "2022"]
[BlackElo "1999"]
[PlyCount "89"]
[EventDate "2011.10.09"]
[EventType "team-tourn"]
[EventRounds "9"]
[EventCountry "GER"]
[SourceTitle "EXT 2013"]
[Source "ChessBase"]
[SourceDate "2012.11.22"]
[SourceVersion "1"]
[SourceVersionDate "2012.11.22"]
[SourceQuality "1"]
[WhiteTeam "Slavija KA"]
[BlackTeam "Walldorf"]
[WhiteTeamCountry "GER"]
[BlackTeamCountry "GER"]

1. d4 Nf6 2. Nf3 c5 3. c3 cxd4 4. cxd4 g6 5. g3 Bg7 6. Bg2 0-0 7. 0-0 d5 8. Nc3 b6 9. Bf4 Bb7 10. Qb3 Nc6 11. Nb5 Rc8 12. Bh3 Nd7 13. Qxd5 e6 14. Bxe6 fxe6 15. Qxe6+ Kh8 16. Ng5 Qe7 17. Qxe7 Nxe7 18. Nd6 Rb8 19. Ndf7+ Kg8 20. Bxb8 Rxb8 21. Nd6 Bxd4 22. Rac1 Bc5 23. Rfd1 Bd5 24. Nge4 Kg7 25. a3 Nf6 26. b4 Bxd6 27. Nxd6 Kf8 28. f3 Be6 29. e4 Ne8 30. Nb5 a5 31. Nd4 Bd7 32. Kf2 axb4 33. axb4 Ra8 34. Ra1 Rc8 35. Ra7 Bh3 36. g4 h5 37. Ne6+ Kg8 38. Rxe7 hxg4 39. Nf4 Kf8 40. Nxg6+ Kg8 41. Nf4 Nf6 42. Rd6 Rf8 43. Ng6 Nxe4+ 44. Rxe4 Rxf3+ 45. Ke2 1-0

[Event "GER-chT U20"]
[Site "Chemnitz"]
[Date "2009.12.30"]
[Round "7.1"]
[White "Kappe, Benedikt"]
[Black "Friedrich, Wiede"]
[Result "0-1"]
[WhiteElo "2027"]
[BlackElo "2114"]
[PlyCount "80"]
[EventDate "2009.12.27"]
[EventType "team-swiss"]
[EventRounds "7"]
[EventCountry "GER"]
[SourceTitle "EXT 2022"]
[Source "ChessBase"]
[SourceDate "2021.10.06"]
[SourceVersion "1"]
[SourceVersionDate "2021.10.06"]
[SourceQuality "1"]
[WhiteTeam "Walldorf U20"]
[BlackTeam "Potsdam USV U20"]
[WhiteTeamCountry "GER"]
[BlackTeamCountry "GER"]

1. e4 c5 2. c3 d5 3. exd5 Qxd5 4. d4 Nc6 5. Nf3 Bg4 6. Be2 cxd4 7. cxd4 e6 8. h3 Bh5 9. Nc3 Qa5 10. 0-0 Nf6 11. Bf4 Rd8 12. a3 Bd6 13. b4 Qb6 14. Be3 Bb8 15. Qa4 Nd5 16. Nxd5 exd5 17. b5 Ne7 18. Bd2 0-0 19. g4 Qe6 20. Rfe1 Bg6 21. Bb4 Rfe8 22. b6 Nc6 23. bxa7 Bxa7 24. Bb5 Qf6 25. Bxc6 bxc6 26. Ba5 Qxf3 27. Bxd8 Be4 28. Rxe4 dxe4 29. Qxa7 Rxd8 30. Qe7 Rf8 31. Re1 f5 32. Re3 Qd1+ 33. Kg2 f4 34. Rxe4 f3+ 35. Kh2 Qf1 36. Kg3 Qg2+ 37. Kh4 Qxf2+ 38. Kg5 Qd2+ 39. Kh4 Qh6+ 40. Kg3 f2 0-1

[Event "GER-chT U20"]
[Site "Chemnitz"]
[Date "2009.12.27"]
[Round "1.1"]
[White "Kulke, Tobias"]
[Black "Kappe, Benedikt"]
[Result "1-0"]
[WhiteElo "2144"]
[BlackElo "2027"]
[PlyCount "59"]
[EventDate "2009.12.27"]
[EventType "team-swiss"]
[EventRounds "7"]
[EventCountry "GER"]
[SourceTitle "EXT 2022"]
[Source "ChessBase"]
[SourceDate "2021.10.06"]
[SourceVersion "1"]
[SourceVersionDate "2021.10.06"]
[SourceQuality "1"]
[WhiteTeam "Chemnitz USG U20"]
[BlackTeam "Walldorf U20"]
[WhiteTeamCountry "GER"]
[BlackTeamCountry "GER"]

1. e4 d5 2. exd5 Qxd5 3. Nc3 Qa5 4. d4 Nf6 5. Bd3 c6 6. Nge2 Bg4 7. f3 Bh5 8. a3 e6 9. Bf4 Nbd7 10. b4 Qd8 11. Ne4 Nxe4 12. fxe4 e5 13. dxe5 g5 14. Be3 Nxe5 15. Qd2 h6 16. 0-0 Bg7 17. Rae1 Qc7 18. Kh1 Bg6 19. Bg1 0-0 20. Ng3 Ng4 21. Qe2 h5 22. Nf5 Bc3 23. Rd1 Rae8 24. Qf3 Re5 25. Qg3 Bxf5 26. Rxf5 Qb8 27. Rff1 Nh6 28. Bc4 Bb2 29. Bc5 Rfe8 30. Qb3 1-0

[Event "GER-ch Net final U18"]
[Site "Playchess.com INT"]
[Date "2009.06.21"]
[Round "6"]
[White "Begri, Felix"]
[Black "Kappe, Benedikt"]
[Result "1-0"]
[WhiteElo "1710"]
[BlackElo "2027"]
[PlyCount "65"]
[EventDate "2009.06.21"]
[EventType "swiss (blitz)"]
[EventRounds "9"]
[EventCountry "GER"]
[SourceTitle "CBM 130 Extra"]
[Source "ChessBase"]
[SourceDate "2009.07.02"]
[SourceVersion "2"]
[SourceVersionDate "2009.07.15"]
[SourceQuality "1"]

1. e4 c6 2. d4 d5 3. Nc3 dxe4 4. Nxe4 Bf5 5. Ng3 Bg6 6. h4 h6 7. Nf3 Nd7 8. h5 Bh7 9. Bd3 Bxd3 10. Qxd3 Ngf6 11. c4 e6 12. Ne4 Nxe4 13. Qxe4 Bb4+ 14. Bd2 Bxd2+ 15. Nxd2 Nf6 16. Qe5 Qb6 17. 0-0-0 0-0-0 18. Rh4 Rd7 19. Ne4 Nxe4 20. Rxe4 Qa6 21. Kb1 Rhd8 22. b3 Qb6 23. Rh4 c5 24. Qxg7 cxd4 25. Qxh6 d3 26. Qf6 d2 27. h6 Qd6 28. h7 Qd3+ 29. Ka1 Qc2 30. Rhh1 Rd4 31. h8Q Qc3+ 32. Kb1 Qd3+ 33. Kb2 1-0

[Event "GER-ch Net final U18"]
[Site "Playchess.com INT"]
[Date "2009.06.21"]
[Round "5"]
[White "Kappe, Benedikt"]
[Black "Kahleys, Kevin"]
[Result "0-1"]
[WhiteElo "2027"]
[BlackElo "2006"]
[PlyCount "60"]
[EventDate "2009.06.21"]
[EventType "swiss (blitz)"]
[EventRounds "9"]
[EventCountry "GER"]
[SourceTitle "CBM 130 Extra"]
[Source "ChessBase"]
[SourceDate "2009.07.02"]
[SourceVersion "2"]
[SourceVersionDate "2009.07.15"]
[SourceQuality "1"]

1. e4 e6 2. d4 d5 3. Nd2 Nf6 4. e5 Nfd7 5. Ngf3 c5 6. c3 Nc6 7. Bd3 f6 8. Ng5 Ndxe5 9. dxe5 fxg5 10. Qh5+ Kd7 11. Nf3 h6 12. Bxg5 Be7 13. Bxe7 Qxe7 14. Bb5 Kc7 15. Bxc6 bxc6 16. 0-0 Ba6 17. Rfe1 Rhf8 18. a3 Rf5 19. Qg4 Raf8 20. Qa4 Kb7 21. Re3 g5 22. Rc1 h5 23. Rc2 g4 24. Ne1 Qg5 25. Qb3+ Kc8 26. c4 Bxc4 27. Rxc4 dxc4 28. Qa4 Kb7 29. Re2 Rxf2 30. Rxf2 Qe3 0-1

[Event "GER-ch Net final U18"]
[Site "Playchess.com INT"]
[Date "2009.06.21"]
[Round "7"]
[White "Kappe, Benedikt"]
[Black "Kelbling, Philipp"]
[Result "0-1"]
[WhiteElo "2027"]
[BlackElo "2072"]
[PlyCount "82"]
[EventDate "2009.06.21"]
[EventType "swiss (blitz)"]
[EventRounds "9"]
[EventCountry "GER"]
[SourceTitle "CBM 130 Extra"]
[Source "ChessBase"]
[SourceDate "2009.07.02"]
[SourceVersion "2"]
[SourceVersionDate "2009.07.15"]
[SourceQuality "1"]

1. e4 c5 2. c3 g6 3. d4 cxd4 4. cxd4 d5 5. exd5 Nf6 6. Nf3 Nxd5 7. Nc3 Bg7 8. Bc4 Nb6 9. Bb3 0-0 10. 0-0 Nc6 11. Be3 Bg4 12. d5 Ne5 13. h3 Nxf3+ 14. gxf3 Bxh3 15. Re1 Rc8 16. Rc1 Nc4 17. Qe2 Ne5 18. Ne4 Qa5 19. Bd4 Qb4 20. Bc3 Qb6 21. Red1 Bd7 22. Rd2 Bb5 23. Qd1 Rfd8 24. Bd4 Qa5 25. Bc3 Qb6 26. f4 Nc4 27. Rd3 Nd6 28. Re3 Nf5 29. Rh3 Nd4 30. Bxd4 Qxd4 31. Qxd4 Bxd4 32. Rxc8 Rxc8 33. d6 exd6 34. Nxd6 Rc1+ 35. Kh2 Bc6 36. Bxf7+ Kg7 37. Rd3 Bxf2 38. Bd5 Bxd5 39. Rxd5 Rc2 40. Nxb7 Rxb2 41. a4 Rxb7 0-1

[Event "GER-ch Net final U18"]
[Site "Playchess.com INT"]
[Date "2009.06.21"]
[Round "2"]
[White "Kappe, Benedikt"]
[Black "Zhou, Syang"]
[Result "1-0"]
[WhiteElo "2027"]
[BlackElo "2090"]
[PlyCount "113"]
[EventDate "2009.06.21"]
[EventType "swiss (blitz)"]
[EventRounds "9"]
[EventCountry "GER"]
[SourceTitle "CBM 130 Extra"]
[Source "ChessBase"]
[SourceDate "2009.07.02"]
[SourceVersion "2"]
[SourceVersionDate "2009.07.15"]
[SourceQuality "1"]

1. e4 c5 2. c3 Nf6 3. e5 Nd5 4. d4 cxd4 5. cxd4 d6 6. Nf3 e6 7. Be2 dxe5 8. dxe5 Nc6 9. 0-0 Be7 10. a3 0-0 11. b4 Qc7 12. Bb2 Rd8 13. Qb3 a6 14. Nc3 Nxc3 15. Bxc3 b5 16. Rac1 Bb7 17. Bd2 Rac8 18. Rc2 Qb8 19. Bf4 Nd4 20. Nxd4 Rxd4 21. Rxc8+ Qxc8 22. Rc1 Qd7 23. Be3 Rd5 24. Qc3 h6 25. h3 Bd8 26. Kf1 Kh7 27. Qc2+ g6 28. Rd1 Rxd1+ 29. Qxd1 Qxd1+ 30. Bxd1 Bc7 31. Bd4 g5 32. Bc2+ Kg7 33. f3 Bd5 34. Ke2 Kf8 35. Ke3 Ke7 36. Be4 Bxe4 37. Kxe4 Kd7 38. Bc5 Bd8 39. g4 f6 40. Bd4 fxe5 41. Kxe5 Ke7 42. Bc5+ Kf7 43. Kd6 Bf6 44. Kc6 Bb2 45. Kb6 Bxa3 46. Kxa6 e5 47. Kxb5 Ke6 48. Kc6 e4 49. fxe4 Bb2 50. Bd6 Bd4 51. b5 Bf2 52. e5 h5 53. gxh5 Kf5 54. b6 g4 55. hxg4+ Kxg4 56. b7 Ba7 57. h6 1-0

[Event "GER-ch Net final U18"]
[Site "Playchess.com INT"]
[Date "2009.06.21"]
[Round "3"]
[White "Raykhman, Alexander"]
[Black "Kappe, Benedikt"]
[Result "0-1"]
[WhiteElo "2297"]
[BlackElo "2027"]
[PlyCount "128"]
[EventDate "2009.06.21"]
[EventType "swiss (blitz)"]
[EventRounds "9"]
[EventCountry "GER"]
[SourceTitle "CBM 130 Extra"]
[Source "ChessBase"]
[SourceDate "2009.07.02"]
[SourceVersion "2"]
[SourceVersionDate "2009.07.15"]
[SourceQuality "1"]

1. d4 Nf6 2. c4 c5 3. d5 b5 4. cxb5 a6 5. b6 g6 6. Nc3 d6 7. Nf3 Bg7 8. e4 Nbd7 9. b7 Bxb7 10. Be2 0-0 11. 0-0 a5 12. h3 Ba6 13. Bf4 Ne8 14. Re1 Qb6 15. Rb1 Nc7 16. e5 dxe5 17. Nxe5 Nxe5 18. Bxa6 Rxa6 19. Bxe5 Bxe5 20. Rxe5 Qd6 21. Qe2 e6 22. Rd1 exd5 23. Nxd5 Nxd5 24. Rdxd5 Qf6 25. Rxc5 Rb8 26. Re8+ Rxe8 27. Qxe8+ Kg7 28. Rc8 Kh6 29. Qf8+ Qg7 30. Qa3 Qe5 31. Qf8+ Qg7 32. Kf1 Qxf8 33. Rxf8 Rb6 34. b3 a4 35. bxa4 Rb1+ 36. Ke2 Rb2+ 37. Ke3 Rxa2 38. Ra8 Kg7 39. h4 h5 40. a5 Ra3+ 41. Ke4 Ra4+ 42. Ke5 Rxh4 43. f4 f6+ 44. Ke4 g5 45. g3 Rg4 46. Kf3 gxf4 47. gxf4 Rg1 48. Ra7+ Kg6 49. Ke4 Re1+ 50. Kd5 h4 51. Kc6 h3 52. f5+ Kxf5 53. Rh7 Kg4 54. Rg7+ Kf3 55. Rf7 Re6+ 56. Kb5 h2 57. Rh7 Kg2 58. a6 h1Q 59. Rxh1 Kxh1 60. a7 Re8 61. Kc6 f5 62. Kb7 f4 63. a8Q Rxa8 64. Kxa8 f3 0-1

[Event "GER-ch Net final U18"]
[Site "Playchess.com INT"]
[Date "2009.06.21"]
[Round "1"]
[White "Trapp, Maximilian"]
[Black "Kappe, Benedikt"]
[Result "1-0"]
[WhiteElo "2060"]
[BlackElo "2027"]
[PlyCount "101"]
[EventDate "2009.06.21"]
[EventType "swiss (blitz)"]
[EventRounds "9"]
[EventCountry "GER"]
[SourceTitle "CBM 130 Extra"]
[Source "ChessBase"]
[SourceDate "2009.07.02"]
[SourceVersion "2"]
[SourceVersionDate "2009.07.15"]
[SourceQuality "1"]

1. d4 Nf6 2. Nf3 c5 3. c3 cxd4 4. cxd4 b6 5. Nc3 Bb7 6. Bf4 g6 7. e3 Bg7 8. Be2 0-0 9. 0-0 d6 10. Rc1 Nbd7 11. Nb5 a6 12. Nc3 Rc8 13. Qb3 Nh5 14. Bg3 Nxg3 15. hxg3 Rc7 16. Nd5 Bxd5 17. Qxd5 b5 18. Qe4 Nb6 19. Nd2 Qd7 20. Qb1 Rfc8 21. Bf3 Nc4 22. Nxc4 Rxc4 23. Bd5 Rxc1 24. Rxc1 e6 25. Bf3 Rc7 26. d5 Qc8 27. Rxc7 Qxc7 28. dxe6 fxe6 29. Qe4 Kf7 30. Bg4 Qd7 31. b3 d5 32. Qf4+ Bf6 33. Qb8 a5 34. Be2 b4 35. Bb5 Qd8 36. Qb7+ Be7 37. Bd7 Bd6 38. Bc8+ Qc7 39. Qa6 e5 40. Bb7 d4 41. Bd5+ Kg7 42. Qd3 Qc3 43. Qa6 Qe1+ 44. Kh2 Qxf2 45. Qxd6 dxe3 46. Qxe5+ Kh6 47. Bf3 Qd2 48. Qf4+ Kg7 49. Qe5+ Kh6 50. g4 g5 51. Qf6# 1-0